000 01007aab a2200193 i 4500
001 768714001
003 CO-MdFUSB
005 20240422082214.0
008 221010s1995 ag ||||| |||| 00| 0 spa d
040 _bspa
_cCO-MdFUSB
_dCO-MdFUSB
041 _aspa
100 1 _aWeigandt, Wilfredo
_eautor
245 1 0 _aUrbanidad y medio ambiente
_c/ Wilfredo Weigandt
300 _aVolumen 14, número 4 (octubre - diciembre, 1995), páginas 11-14
_c; 27 cm
520 _aSe hace necesario concebir el diseño del ambiente urbano a la luz de la teología de la creación, de la caída, de la restauración y de la nueva creación. Esto concretamente nos lleva a la enunciación de la base creacional de todo proyecto, esto es, no sólo la concepción antropológica, sino también aquello que tiene que ver con todos los otros seres creados.
653 _aMedio ambiente
773 0 _tIglesia y Misión
_049402
_959642
_gVolumen 14, número 4 (octubre - diciembre, 1995), páginas 11-14
_qPáginas 11
942 _cANA
999 _c52150
_d52150